[Event "2. Bundesliga West 2012/13"]
[Site "Bregenz"]
[Date "2013.01.12"]
[Round "7"]
[Board "4"]
[White "Blaas, Hansjoerg"]
[Black "Huch, Reiner"]
[Result "0-1"]
[WhiteElo "2259"]
[BlackElo "2317"]
[PlyCount "0"]
[EventDate "2012.10.05"]
[EventType "team"]
[EventRounds "11"]
[EventCountry "AUT"]
[WhiteTeam "Schwaz"]
[BlackTeam "SIR Bernhard"]

1. e4 e6 2. d4 d5 3. e5 c5 4. c3 Qb6 5. Nf3 Bd7 6. Be2 Bb5 7. O-O Bxe2 8. Qxe2
Nc6 9. Be3 cxd4 10. Bxd4 Nxd4 11. Nxd4 a6 12. a4 Ne7 13. a5 Qc7 14. Nd2 Nc6 15.
Nxc6 bxc6 16. b4 Be7 17. f4 O-O 18. Kh1 c5 19. bxc5 Qxc5 20. c4 Rab8 21. cxd5
Qxd5 22. Ne4 Rb4 23. Ng3 g6 24. Rfd1 Qb7 25. Qg4 Rc8 26. Ra2 Rcc4 27. Nh5 Rb1
28. Rad2 Rcc1 29. Nf6+ Bxf6 30. exf6 h5 31. Qe2 Qb3 0-1

[Event "2. Bundesliga West 2012/13"]
[Site "Bregenz"]
[Date "2013.01.12"]
[Round "7"]
[Board "5"]
[White "Pflug, Mathias"]
[Black "Gruber, Michael"]
[Result "0-1"]
[WhiteElo "2305"]
[BlackElo "2155"]
[PlyCount "0"]
[EventDate "2012.10.05"]
[EventType "team"]
[EventRounds "11"]
[EventCountry "AUT"]
[WhiteTeam "SIR Bernhard"]
[BlackTeam "Schwaz"]

9. h3 Ng6 10. O-O O-O 11. Re1 Be6 12. Na3 Bc5 13. Bxe6 fxe6 14. Nc4 Qe7 15. Bd2
Nd7 16. d4 Bb6 17. Bg5 Qf7 18. Be3 exd4 19. cxd4 d5 20. Ng5 Qe7 21. Qh5 Nf6 22.
Qe2 dxc4 23. e5 Nd5 24. Qh5 h6 0-1

[Event "2. Bundesliga West 2012/13"]
[Site "Bregenz"]
[Date "2013.01.12"]
[Round "7"]
[Board "1"]
[White "Krassowizkij, Jaroslaw"]
[Black "Kleissl, Helmut"]
[Result "1/2-1/2"]
[WhiteElo "2404"]
[BlackElo "2290"]
[PlyCount "0"]
[EventDate "2012.10.05"]
[EventType "team"]
[EventRounds "11"]
[EventCountry "AUT"]
[WhiteTeam "Goetzis"]
[BlackTeam "Zillertal"]

1. d4 d6 2. Nf3 Bg4 3. c4 Nd7 4. Nc3 g6 5. g3 Bxf3 6. exf3 Bg7 7. Bg2 Nh6 8. g4
f5 9. g5 Nf7 10. f4 c5 11. d5 Bxc3+ 12. bxc3 Qa5 13. O-O Nb6 14. Re1 Qa4 15.
Qe2 O-O 16. Bf1 Rae8 17. Qd3 Nd8 18. Rb1 Qd7 19. Bd2 e6 20. dxe6 Rxe6 21. Rxe6
Qxe6 22. Bg2 Kg7 23. Bd5 Qd7 24. h4 Nc6 25. h5 Re8 26. Qh3 Rh8 27. Kg2 h6 28.
Rh1 hxg5 29. h6+ Kh7 30. fxg5 Ne5 31. Bf4 Re8 32. Rd1 Nbxc4 33. Bxe5 Nxe5 34.
c4 Ng4 35. Qc3 Re5 36. Re1 Qe7 37. Rxe5 Nxe5 38. Qe3 Qd7 39. Kg3 Nc6 40. Qb3
Qe7 41. Qe3 Qxe3+ 42. fxe3 Nb4 43. a4 Nxd5 44. cxd5 b6 1/2-1/2

[Event "2. Bundesliga West 2012/13"]
[Site "Bregenz"]
[Date "2013.01.12"]
[Round "7"]
[Board "2"]
[White "Platzgummer, Fabian"]
[Black "Eisenbeiser, Amadeus"]
[Result "0-1"]
[WhiteElo "2311"]
[BlackElo "2384"]
[PlyCount "0"]
[EventDate "2012.10.05"]
[EventType "team"]
[EventRounds "11"]
[EventCountry "AUT"]
[WhiteTeam "Zillertal"]
[BlackTeam "Goetzis"]

1. e4 c5 2. Nf3 e6 3. d4 cxd4 4. Nxd4 a6 5. Nc3 Qc7 6. Bd3 Nf6 7. O-O Bd6 8. h3
Nc6 9. Nxc6 dxc6 10. f4 e5 11. f5 Bc5+ 12. Kh1 b5 13. Qe2 Bb7 14. a4 Bd4 15.
Bg5 Nd7 16. Nd1 Bb6 17. b4 Ba7 18. Ra2 Nb6 19. Nb2 Nd7 20. c3 f6 21. Qh5+ Ke7
22. Bc1 g6 23. Qh6 Rag8 24. c4 Bd4 25. Nd1 gxf5 26. Rxf5 Rg6 27. Qh4 c5 28. Ne3
Bxe3 29. Bxe3 bxc4 30. Bxc4 cxb4 31. Rc2 Qc6 32. Bd3 Qxa4 33. Rh5 h6 34. Bxh6
Rc8 35. Rf2 Qd1+ 36. Bf1 b3 37. Bd2 Rcg8 38. Rh7+ Kd8 39. Ba5+ Kc8 40. Kh2 b2
41. Rxd7 Kxd7 42. Rxb2 Qxf1 43. Rxb7+ Kc8 44. Rc7+ Kb8 45. g4 Qe2+ 0-1

[Event "2. Bundesliga West 2012/13"]
[Site "Bregenz"]
[Date "2013.01.12"]
[Round "7"]
[Board "4"]
[White "Schiestl, Josef"]
[Black "Schloetzer, Waldemar"]
[Result "1/2-1/2"]
[WhiteElo "2115"]
[BlackElo "2306"]
[PlyCount "0"]
[EventDate "2012.10.05"]
[EventType "team"]
[EventRounds "11"]
[EventCountry "AUT"]
[WhiteTeam "Zillertal"]
[BlackTeam "Goetzis"]

1. e4 c6 2. d4 d5 3. e5 Bf5 4. Be3 e6 5. Nd2 Nd7 6. Nb3 Ne7 7. Be2 Nc8 8. c3
Be7 9. f4 O-O 10. Nf3 a6 11. O-O b5 12. Nbd2 Ncb6 13. Nb1 a5 14. Bd3 Nc4 15.
Bc1 Bxd3 16. Qxd3 a4 17. Nbd2 c5 18. Rb1 Qb6 19. b3 axb3 20. axb3 Na3 21. Bxa3
Rxa3 22. Ra1 Rfa8 23. Rxa3 Rxa3 24. Ng5 Bxg5 25. fxg5 cxd4 26. Qxd4 Qxd4+ 27.
cxd4 Ra2 28. Rf2 Rb2 29. Kf1 Nb8 30. Ke2 Nc6 31. Kd3 b4 32. Rf1 Kf8 33. Ra1 Ke7
34. g3 Kd7 35. Rf1 Ke7 36. Ra1 Kd7 37. Rf1 1/2-1/2

[Event "2. Bundesliga West 2012/13"]
[Site "Bregenz"]
[Date "2013.01.12"]
[Round "7"]
[Board "5"]
[White "Mittelberger, Peter"]
[Black "Kroell, Johannes"]
[Result "0-1"]
[WhiteElo "2217"]
[BlackElo "2205"]
[PlyCount "0"]
[EventDate "2012.10.05"]
[EventType "team"]
[EventRounds "11"]
[EventCountry "AUT"]
[WhiteTeam "Goetzis"]
[BlackTeam "Zillertal"]

1. e4 g6 2. d4 Bg7 3. Nc3 d6 4. Be3 e6 5. Qd2 h6 6. g3 b6 7. Bg2 Bb7 8. Nge2
Nd7 9. O-O Ne7 10. a4 a6 11. h3 c5 12. Rad1 Qc7 13. dxc5 dxc5 14. Bf4 Ne5 15.
h4 N7c6 16. Qc1 Rd8 17. Rxd8+ Qxd8 18. Rd1 Qe7 19. Nb1 f6 20. Na3 g5 21. hxg5
fxg5 22. Be3 O-O 23. f4 Ng4 24. c3 Na5 25. Bf2 Nxf2 26. Kxf2 gxf4 27. gxf4 e5
28. Kg1 Bc6 29. Rf1 Bxa4 30. Ng3 Bd7 31. f5 Qh4 32. Rf3 Bc6 33. b4 Nb3 34. Qd1
Ba4 35. bxc5 Rd8 36. Qe2 b5 37. f6 Bf8 38. f7+ Kh7 39. Nf1 Bxc5+ 40. Ne3 Bxa3
41. Rh3 Qg5 42. Nd5 Rf8 43. Qf3 Bc5+ 44. Kh1 Nd2 45. Qe2 Rxf7 46. Rh5 Qg6 0-1

[Event "2. Bundesliga West 2012/13"]
[Site "Bregenz"]
[Date "2013.01.12"]
[Round "7"]
[Board "6"]
[White "Eberharter, Johann"]
[Black "Scheffknecht, Philipp"]
[Result "1-0"]
[WhiteElo "2073"]
[BlackElo "2065"]
[PlyCount "0"]
[EventDate "2012.10.05"]
[EventType "team"]
[EventRounds "11"]
[EventCountry "AUT"]
[WhiteTeam "Zillertal"]
[BlackTeam "Goetzis"]

1. Nf3 Nf6 2. b3 d6 3. Bb2 e5 4. d3 g6 5. g3 Bg7 6. Bg2 O-O 7. Nbd2 Nbd7 8. c4
a5 9. a3 Qe7 10. Qc2 c6 11. O-O Re8 12. Rfd1 Nh5 13. e4 f5 14. d4 Nf8 15. c5
exd4 16. cxd6 Qxd6 17. Nc4 Qc5 18. b4 Qe7 19. e5 axb4 20. Nd6 Rd8 21. Bxd4 Ne6
22. Bb6 Rf8 23. Qc4 Kh8 24. Qxb4 c5 25. Bxc5 Nxc5 26. Qxc5 f4 27. Rab1 h6 28.
Qd5 fxg3 29. hxg3 Be6 30. Qd3 Bf5 31. Nxf5 Rxf5 32. Nh4 Qf7 33. Nxf5 Qxf5 34.
Qxf5 gxf5 35. Bf3 Nxg3 36. fxg3 Rxa3 37. Rd8+ Kh7 38. Rxb7 Rxf3 39. Kg2 Re3 40.
Rdd7 Kg6 41. Rxg7+ Kh5 42. Rb4 f4 43. gxf4 Kh4 44. Rb1 Re2+ 45. Kf3 Rh2 46.
Rbg1 h5 47. R7g2 Rh3+ 48. Ke4 Rg3 49. Rh1+ 1-0

[Event "2. Bundesliga West 2012/13"]
[Site "Bregenz"]
[Date "2013.01.12"]
[Round "7"]
[Board "1"]
[White "Medvegy, Zoltan"]
[Black "Koepke, Christian"]
[Result "1/2-1/2"]
[WhiteElo "2555"]
[BlackElo "2364"]
[PlyCount "0"]
[EventDate "2012.10.05"]
[EventType "team"]
[EventRounds "11"]
[EventCountry "AUT"]
[WhiteTeam "ATSV Ranshofen"]
[BlackTeam "Kufstein / Woergl"]

1. c4 Nf6 2. Nc3 g6 3. g3 Bg7 4. Bg2 O-O 5. e4 d6 6. Nge2 c5 7. O-O Nc6 8. d3
a6 9. h3 Rb8 10. a4 Ne8 11. Be3 Nc7 12. d4 cxd4 13. Nxd4 Ne6 14. Nde2 Bd7 15.
b3 Na5 16. Ra2 b5 17. cxb5 axb5 18. b4 Nc4 19. Ba7 bxa4 20. Bxb8 Qxb8 21. Nd5
Re8 22. Qb1 Nb6 23. Rd1 Bb5 24. Bf1 Bc4 25. Ra3 Bb3 26. Rxb3 axb3 27. Qxb3 Qb7
28. Bg2 Rb8 29. Ndc3 Qa6 30. Bf1 Qb7 31. Kh2 Nd7 32. Nd5 Nf6 33. Qe3 Nf8 34.
Nxf6+ Bxf6 35. Rb1 Ne6 36. b5 Qb6 37. Qxb6 Rxb6 38. Kg2 Kf8 39. f4 Ke8 40. Kf2
Kd7 41. Ke3 Rb8 42. h4 Nc5 43. Bg2 Ra8 44. b6 Ra3+ 45. Kf2 Rb3 46. Rxb3 Nxb3
47. e5 dxe5 48. Bd5 Nc5 49. Bxf7 e6 50. Bg8 h6 51. Bf7 exf4 52. Nxf4 g5 53.
hxg5 hxg5 54. b7 Nxb7 55. Bxe6+ Kd6 56. Bc8 gxf4 57. Bxb7 fxg3+ 1/2-1/2

[Event "2. Bundesliga West 2012/13"]
[Site "Bregenz"]
[Date "2013.01.12"]
[Round "7"]
[Board "2"]
[White "Bertagnolli, Alexander"]
[Black "Webersberger, Johann"]
[Result "1-0"]
[WhiteElo "2352"]
[BlackElo "2392"]
[PlyCount "0"]
[EventDate "2012.10.05"]
[EventType "team"]
[EventRounds "11"]
[EventCountry "AUT"]
[WhiteTeam "Kufstein / Woergl"]
[BlackTeam "ATSV Ranshofen"]

1. f4 c5 2. Nf3 g6 3. e3 Bg7 4. d4 Nf6 5. Bd3 O-O 6. O-O b6 7. e4 cxd4 8. e5
Ne8 9. Be4 Nc6 10. Nxd4 Bb7 11. Nxc6 Bxc6 12. Bxc6 dxc6 13. Qf3 Qd5 14. Qb3 Nc7
15. Nc3 Qc5+ 16. Kh1 Ne6 17. Ne2 Rad8 18. Be3 Qa5 19. Qc4 Qd5 20. Qa4 b5 21.
Qxa7 Qc4 22. Ng3 Qxc2 23. f5 gxf5 24. Nxf5 Qxb2 25. Bh6 Bxh6 26. Nxh6+ Kh8 27.
Qxe7 Qxe5 28. Rae1 1-0

[Event "2. Bundesliga West 2012/13"]
[Site "Bregenz"]
[Date "2013.01.12"]
[Round "7"]
[Board "3"]
[White "Ager, Josef"]
[Black "Blaskowski, Johannes"]
[Result "0-1"]
[WhiteElo "2170"]
[BlackElo "2312"]
[PlyCount "0"]
[EventDate "2012.10.05"]
[EventType "team"]
[EventRounds "11"]
[EventCountry "AUT"]
[WhiteTeam "ATSV Ranshofen"]
[BlackTeam "Kufstein / Woergl"]

1. Nf3 Nf6 2. c4 e6 3. g3 d5 4. Bg2 c6 5. Qc2 Nbd7 6. O-O e5 7. cxd5 cxd5 8. d4
e4 9. Ne5 Qb6 10. Be3 Bd6 11. Nc3 O-O 12. Rfd1 Nb8 13. Rac1 Be6 14. Na4 Qb5 15.
Nc5 Rc8 16. Qd2 Bf5 17. a4 Qb6 18. b4 Nc6 19. Nxc6 bxc6 20. Bf4 Ne8 21. Be5
Bxe5 22. dxe5 Nc7 23. a5 Qb8 24. Qf4 Be6 25. Rb1 Nb5 26. Rb3 Re8 27. f3 d4 28.
Rb2 e3 29. Rxd4 Nxd4 30. Qxd4 Bd5 31. Nd3 Qb5 32. Qxe3 f6 33. Qf4 fxe5 34. Nxe5
c5 35. e4 Be6 36. Bf1 c4 37. Rc2 Qxb4 38. Rxc4 Qxa5 39. Rc6 Ba2 40. Ng4 Rac8
41. Ra6 Qc5+ 42. Qe3 Be6 43. Qxc5 Rxc5 44. Ne3 Re7 45. f4 g6 46. g4 Bc8 47. Ra4
a5 48. Nd5 Rb7 49. Kf2 Kg7 50. g5 Rb3 51. Ne3 Rb4 52. Rxb4 axb4 53. Bc4 Bb7 54.
e5 Bc6 55. e6 Kf8 0-1

[Event "2. Bundesliga West 2012/13"]
[Site "Bregenz"]
[Date "2013.01.12"]
[Round "7"]
[Board "4"]
[White "Rusche, Johannes"]
[Black "Scharrer, Patrick"]
[Result "0-1"]
[WhiteElo "2220"]
[BlackElo "2274"]
[PlyCount "0"]
[EventDate "2012.10.05"]
[EventType "team"]
[EventRounds "11"]
[EventCountry "AUT"]
[WhiteTeam "Kufstein / Woergl"]
[BlackTeam "ATSV Ranshofen"]

1. e4 c5 2. c3 g6 3. d4 cxd4 4. cxd4 d5 5. e5 Bg7 6. Nc3 Nc6 7. Bb5 Nh6 8. h3
O-O 9. Nf3 Qb6 10. O-O Nf5 11. Bxc6 Qxc6 12. g4 Nh6 13. Be3 f6 14. exf6 exf6
15. Qb3 Be6 16. Qb5 Qd6 17. Rfe1 Nf7 18. Ne2 a6 19. Qd3 Qd7 20. Ng3 Nd6 21. Bf4
Rfe8 22. Bxd6 Qxd6 23. Kg2 Bh6 24. Re2 Bd7 25. Rae1 Rxe2 26. Qxe2 Re8 27. Qd1
Qb4 28. Rxe8+ Bxe8 29. b3 Qc3 30. Qe2 Kf7 31. h4 Bb5 32. Qd1 Qc1 33. Qxc1 Bxc1
34. g5 Bd3 35. gxf6 Kxf6 36. Ne5 Bb1 37. Ne2 Bd2 38. a4 Bc2 39. Nd7+ Ke7 40.
Nc5 b6 41. Nxa6 Kd6 0-1

[Event "2. Bundesliga West 2012/13"]
[Site "Bregenz"]
[Date "2013.01.12"]
[Round "7"]
[Board "5"]
[White "Spiesberger, Gerhard"]
[Black "Steinbacher, Thomas"]
[Result "1/2-1/2"]
[WhiteElo "2130"]
[BlackElo "2072"]
[PlyCount "0"]
[EventDate "2012.10.05"]
[EventType "team"]
[EventRounds "11"]
[EventCountry "AUT"]
[WhiteTeam "ATSV Ranshofen"]
[BlackTeam "Kufstein / Woergl"]

1. e4 e5 2. Nf3 Nc6 3. Bb5 a6 4. Bxc6 dxc6 5. d4 exd4 6. Qxd4 Qxd4 7. Nxd4 Bd7
8. O-O O-O-O 9. Nc3 Nf6 10. Bg5 Bg4 11. Nb3 h6 12. Be3 Bb4 13. f3 Be6 14. Rfd1
Nd7 15. Nd4 Bxc3 16. Nxe6 fxe6 17. bxc3 c5 18. Kf2 b6 19. Rd2 Ne5 20. Rad1
Rxd2+ 21. Rxd2 Nc4 22. Rd1 Na3 23. Bc1 Nb5 24. Bb2 Nd6 25. Ke2 Nc4 26. Bc1 a5
27. f4 Nd6 28. Kf3 a4 29. g4 Nb5 30. Rd3 c4 31. Re3 e5 32. f5 Rd8 33. Ke2 Kd7
34. h4 Ke7 35. Rh3 Rh8 36. Rf3 Nd6 37. Ke3 Kf7 38. Rg3 Nb5 39. Ke2 Nd6 40. Kf3
Nb5 41. Ke2 1/2-1/2

[Event "2. Bundesliga West 2012/13"]
[Site "Bregenz"]
[Date "2013.01.12"]
[Round "7"]
[Board "6"]
[White "Kranewitter, Norbert"]
[Black "Fruehauf, Norbert"]
[Result "0-1"]
[WhiteElo "2074"]
[BlackElo "2082"]
[PlyCount "0"]
[EventDate "2012.10.05"]
[EventType "team"]
[EventRounds "11"]
[EventCountry "AUT"]
[WhiteTeam "Kufstein / Woergl"]
[BlackTeam "ATSV Ranshofen"]

1. Nf3 f5 2. d4 Nf6 3. c4 e6 4. g3 Bb4+ 5. Bd2 Qe7 6. Bg2 O-O 7. O-O Bxd2 8.
Nbxd2 d6 9. e3 Kh8 10. Qe2 Nc6 11. a3 e5 12. d5 Nd8 13. b4 b6 14. Nb3 Nf7 15.
Rfd1 g5 16. Rac1 Bd7 17. Qb2 h5 18. c5 Ba4 19. Nfd2 h4 20. Rc3 e4 21. Rdc1 Nxd5
22. cxd6 cxd6 23. Rc5+ Qf6 24. Qxf6+ Nxf6 25. Rxf5 Kg7 26. Nd4 Bd7 27. Nxe4
Nxe4 28. Bxe4 Rae8 29. f3 Bxf5 30. Nxf5+ Kf6 31. gxh4 $11 gxh4 32. Nxh4 Ng5 33.
Rc4 Rc8 34. Bc6 Rh8 35. b5 Ne6 36. Kf2 Rh5 37. Ke2 Rch8 38. Ng2 Rxh2 39. f4 Nc5
40. Rd4 Ke7 41. Bd5 Rh1 42. Rd1 Rxd1 43. Kxd1 Rh2 44. Ne1 Na4 45. Bc6 Nb2+ 46.
Kc1 Re2 47. Nc2 Nc4 48. Kd1 Rd2+ 49. Kc1 Rf2 50. Kb1 Kf6 51. a4 Re2 52. e4 Nd2+
53. Kc1 Nxe4 54. Kd1 Nc3+ 55. Kc1 Nxa4 56. Nd4 Rf2 57. f5 Ke5 0-1

[Event "2. Bundesliga West 2012/13"]
[Site "Bregenz"]
[Date "2013.01.12"]
[Round "7"]
[Board "1"]
[White "Serafimov, Tervel"]
[Black "Brumen, Dinko"]
[Result "1/2-1/2"]
[WhiteElo "2425"]
[BlackElo "2357"]
[PlyCount "0"]
[EventDate "2012.10.05"]
[EventType "team"]
[EventRounds "11"]
[EventCountry "AUT"]
[WhiteTeam "Bregenz"]
[BlackTeam "Schwarzach"]

1. c4 Nf6 2. Nc3 g6 3. g3 Bg7 4. Bg2 O-O 5. e4 d6 6. Nge2 c5 7. O-O Nc6 8. d3
a6 9. h3 Rb8 10. a4 Ne8 11. Be3 Nc7 12. d4 cxd4 13. Nxd4 Ne6 14. Nde2 Bd7 15.
b3 Na5 16. Ra2 b5 17. cxb5 axb5 18. b4 Nc4 19. Ba7 bxa4 20. Bxb8 Qxb8 21. Nd5
Re8 22. Qb1 Nb6 23. Rd1 Bb5 24. Bf1 Bc4 25. Ra3 Bb3 26. Rxb3 axb3 27. Qxb3 Qb7
28. Bg2 Rb8 29. Ndc3 Qa6 30. Bf1 Qb7 31. Kh2 Nd7 32. Nd5 Nf6 33. Qe3 Nf8 34.
Nxf6+ Bxf6 35. Rb1 Ne6 36. b5 Qb6 37. Qxb6 Rxb6 38. Kg2 Kf8 39. f4 Ke8 40. Kf2
Kd7 41. Ke3 Rb8 42. h4 Nc5 43. Bg2 Ra8 44. b6 Ra3+ 45. Kf2 Rb3 46. Rxb3 Nxb3
47. e5 dxe5 48. Bd5 Nc5 49. Bxf7 e6 50. Bg8 h6 51. Bf7 exf4 52. Nxf4 g5 53.
hxg5 hxg5 54. b7 Nxb7 55. Bxe6+ 1/2-1/2

[Event "2. Bundesliga West 2012/13"]
[Site "Bregenz"]
[Date "2013.01.12"]
[Round "7"]
[Board "2"]
[White "Hecht, Hans-Joachim"]
[Black "Weindl, Alfred"]
[Result "0-1"]
[WhiteElo "2357"]
[BlackElo "2329"]
[PlyCount "0"]
[EventDate "2012.10.05"]
[EventType "team"]
[EventRounds "11"]
[EventCountry "AUT"]
[WhiteTeam "Schwarzach"]
[BlackTeam "Bregenz"]

1. d4 Nf6 2. c4 g6 3. Nc3 Bg7 4. e4 d6 5. Nf3 O-O 6. Be2 e5 7. O-O exd4 8. Nxd4
Re8 9. f3 Nc6 10. Be3 Nh5 11. Qd2 Nf4 12. Rfe1 Bxd4 13. Bxd4 Qg5 14. Qxf4 Qxf4
15. Nd5 Qh6 0-1

[Event "2. Bundesliga West 2012/13"]
[Site "Bregenz"]
[Date "2013.01.12"]
[Round "7"]
[Board "3"]
[White "Herbrechtsmeier, Christof"]
[Black "Ljubic, Juro"]
[Result "1/2-1/2"]
[WhiteElo "2283"]
[BlackElo "2193"]
[PlyCount "0"]
[EventDate "2012.10.05"]
[EventType "team"]
[EventRounds "11"]
[EventCountry "AUT"]
[WhiteTeam "Bregenz"]
[BlackTeam "Schwarzach"]

1. e4 c5 2. Nf3 d6 3. d4 cxd4 4. Nxd4 Nf6 5. Nc3 g6 6. Be3 Bg7 7. Be2 O-O 8.
Qd2 Nc6 9. f4 Nxd4 10. Bxd4 e5 11. Be3 exf4 12. Bxf4 Re8 13. Bf3 Nxe4 14. Nxe4
Bf5 15. O-O Bxe4 16. Bxe4 Rxe4 17. c3 Qb6+ 18. Kh1 Rae8 19. Rfe1 Rxe1+ 20. Rxe1
Rxe1+ 21. Qxe1 Qxb2 22. Qe8+ Bf8 23. h3 Kg7 24. Qe3 Qb5 25. c4 Qb1+ 26. Kh2 Qf5
27. Bh6+ Kg8 28. Bxf8 Kxf8 29. Qxa7 Qf4+ 30. Kg1 Qxc4 31. Qxb7 Qd4+ 32. Kh1
Qa1+ 33. Kh2 Qe5+ 34. Kh1 d5 35. a4 d4 36. Qb4+ Kg7 37. Qd2 Qd6 38. a5 d3 39.
Kg1 Qd4+ 1/2-1/2

[Event "2. Bundesliga West 2012/13"]
[Site "Bregenz"]
[Date "2013.01.12"]
[Round "7"]
[Board "5"]
[White "Heilinger, Dietmar"]
[Black "Hajdarevic, Dino"]
[Result "1/2-1/2"]
[WhiteElo "2168"]
[BlackElo "2044"]
[PlyCount "0"]
[EventDate "2012.10.05"]
[EventType "team"]
[EventRounds "11"]
[EventCountry "AUT"]
[WhiteTeam "Bregenz"]
[BlackTeam "Schwarzach"]

1. c4 Nf6 2. g3 e6 3. Bg2 d5 4. d4 dxc4 5. Nf3 Nc6 6. O-O Rb8 7. a4 a6 8. Na3
Bxa3 9. Rxa3 b5 10. axb5 axb5 11. e4 O-O 12. Bg5 h6 13. Bf4 Bb7 14. Re1 Nb4 15.
Ne5 Nc6 16. Nxc6 Bxc6 17. g4 Nh7 18. Rh3 Ra8 19. Qd2 Ng5 20. Rh5 f5 21. Bxg5
hxg5 22. gxf5 exf5 23. Rxg5 fxe4 24. d5 e3 25. Qxe3 Bd7 26. d6 c6 27. Be4 Qf6
28. Qg3 Rae8 29. Rh5 Re6 30. Bh7+ Kf7 31. Rd1 Re2 32. Rh4 Ke8 33. Re4+ Rxe4 34.
Bxe4 Qf4 35. Re1 1/2-1/2

[Event "2. Bundesliga West 2012/13"]
[Site "Bregenz"]
[Date "2013.01.12"]
[Round "7"]
[Board "6"]
[White "Bjelosevic, Bozo"]
[Black "Froewis, Annika"]
[Result "0-1"]
[WhiteElo "1980"]
[BlackElo "1989"]
[PlyCount "0"]
[EventDate "2012.10.05"]
[EventType "team"]
[EventRounds "11"]
[EventCountry "AUT"]
[WhiteTeam "Schwarzach"]
[BlackTeam "Bregenz"]

1. Nc3 e5 2. Nf3 Nc6 3. d4 exd4 4. Nxd4 Bb4 5. Bf4 Nf6 6. Ndb5 d6 7. a3 Ba5 8.
b4 Bb6 9. Nd5 Nxd5 10. Qxd5 Qf6 11. Qe4+ Be6 12. c3 a6 13. Nd4 Nxd4 14. cxd4
Bxd4 15. Rc1 O-O-O 16. e3 Bc3+ 17. Kd1 d5 18. Qf3 d4 19. e4 Bb3+ 20. Rc2 d3 21.
Qh3+ Kb8 22. Bxc7+ Kxc7 23. Qg3+ Kc8 0-1

[Event "2. Bundesliga West 2012/13"]
[Site "Bregenz"]
[Date "2013.01.12"]
[Round "7"]
[Board "1"]
[White "Breder, Dennis"]
[Black "Besner, Bernhard"]
[Result "1-0"]
[WhiteElo "2438"]
[BlackElo "2182"]
[PlyCount "0"]
[EventDate "2012.10.05"]
[EventType "team"]
[EventRounds "11"]
[EventCountry "AUT"]
[WhiteTeam "Hohenems II"]
[BlackTeam "ASK 1"]

1. e4 d5 2. exd5 Qxd5 3. Nc3 Qa5 4. d4 Nf6 5. Bd2 Bg4 6. f3 Bf5 7. g4 Bg6 8. f4
e6 9. f5 exf5 10. g5 Nc6 11. gxf6 O-O-O 12. Nb5 Qb6 13. c3 Re8+ 14. Kf2 a6 15.
a4 axb5 16. axb5 Nxd4 17. Ra8+ Kd7 18. Rxe8 Bd6 19. Be3 Rxe8 20. Bxd4 Qa5 21.
fxg7 Qa2 22. c4 Kc8 23. Nf3 f6 24. Bd3 Rg8 25. Qa1 Qb3 26. Qa8+ Kd7 27. Qxg8
Qxd3 28. Re1 1-0

[Event "2. Bundesliga West 2012/13"]
[Site "Bregenz"]
[Date "2013.01.12"]
[Round "7"]
[Board "2"]
[White "Harringer, Franz"]
[Black "Gaertner, Guntram"]
[Result "1/2-1/2"]
[WhiteElo "2214"]
[BlackElo "2331"]
[PlyCount "0"]
[EventDate "2012.10.05"]
[EventType "team"]
[EventRounds "11"]
[EventCountry "AUT"]
[WhiteTeam "ASK 1"]
[BlackTeam "Hohenems II"]

1. e4 c6 2. d4 d5 3. e5 c5 4. dxc5 e6 5. Be3 Ne7 6. c3 Nf5 7. Bd4 Bd7 8. Nf3
Nc6 9. Bd3 Nfxd4 10. cxd4 b6 11. O-O bxc5 12. dxc5 Nb4 13. Nc3 Nxd3 14. Qxd3
Bxc5 15. Rac1 Be7 16. Nb5 O-O 17. Nbd4 Qb6 18. Rc2 Rfc8 19. Rb1 Rxc2 20. Qxc2
Rc8 21. Qd3 a5 22. h4 h6 23. Qe3 Qd8 24. g3 a4 25. Kh2 Rb8 26. Qc3 Rc8 27. Qe3
Rb8 28. Qc3 Qc8 29. Qe3 Qd8 30. Qc3 Rc8 1/2-1/2

[Event "2. Bundesliga West 2012/13"]
[Site "Bregenz"]
[Date "2013.01.12"]
[Round "7"]
[Board "3"]
[White "Atlas, Dmitry"]
[Black "Juergens, Klaus"]
[Result "1-0"]
[WhiteElo "2255"]
[BlackElo "2170"]
[PlyCount "0"]
[EventDate "2012.10.05"]
[EventType "team"]
[EventRounds "11"]
[EventCountry "AUT"]
[WhiteTeam "Hohenems II"]
[BlackTeam "ASK 1"]

1. e4 c5 2. c3 Nf6 3. e5 Nd5 4. Nf3 Nc6 5. Bc4 Nb6 6. Bb3 c4 7. Bc2 Qc7 8. Qe2
g5 9. h3 Bg7 10. O-O Nxe5 11. Nxg5 d5 12. a4 Bd7 13. a5 Nc8 14. Re1 h6 15. Nf3
Ng6 16. d4 cxd3 17. Bxd3 Nf4 18. Bxf4 Qxf4 19. Bb5 Bc6 20. Ra4 Qf5 21. Rg4 Bf6
22. a6 Kf8 23. axb7 Bxb7 24. Nd4 Bxd4 25. cxd4 Rg8 26. Bd3 Qf6 27. Rxg8+ Kxg8
28. Qg4+ Kf8 29. Re3 Nd6 30. Nc3 Bc6 31. Rg3 Ke8 32. Nb5 Nxb5 33. Bxb5 Bxb5 34.
Qg8+ Kd7 35. Qxa8 a6 36. Qxd5+ 1-0

[Event "2. Bundesliga West 2012/13"]
[Site "Bregenz"]
[Date "2013.01.12"]
[Round "7"]
[Board "4"]
[White "Herndl, Gerald"]
[Black "Kessler, Luca"]
[Result "0-1"]
[WhiteElo "2171"]
[BlackElo "2242"]
[PlyCount "0"]
[EventDate "2012.10.05"]
[EventType "team"]
[EventRounds "11"]
[EventCountry "AUT"]
[WhiteTeam "ASK 1"]
[BlackTeam "Hohenems II"]

1. e4 c6 2. d4 d5 3. e5 Bf5 4. Nc3 e6 5. g4 Bg6 6. Nge2 c5 7. Be3 Nc6 8. h4 h5
9. Nf4 Bh7 10. Nxh5 cxd4 11. Bxd4 Bxc2 12. Qxc2 Nxd4 13. Qa4+ Nc6 14. O-O-O g6
15. Nf4 Rxh4 16. Bb5 Rc8 17. Qxa7 Rxh1 18. Rxh1 Bh6 19. Rxh6 Nxh6 20. Qxb7 Qd7
21. Qa6 Kf8 22. Kb1 Nxg4 23. Nd3 Qc7 24. f4 Kg7 25. Qxc6 Qxc6 26. Bxc6 Rxc6 27.
a4 Ne3 28. Nb5 g5 29. fxg5 Nc4 30. b4 Kg6 31. Nd4 Rc8 32. a5 Kxg5 33. Ka2 f6
34. exf6 Kxf6 35. a6 e5 36. Nb5 e4 37. Nc5 e3 38. Nd4 Ke5 39. Ne2 d4 40. Kb3
Nb6 41. Kc2 Nd7 42. Kd3 Nxc5+ 43. bxc5 Rxc5 44. a7 Ra5 45. Nxd4 Ra3+ 46. Kc4
Ke4 47. Nb5 Rxa7 0-1

[Event "2. Bundesliga West 2012/13"]
[Site "Bregenz"]
[Date "2013.01.12"]
[Round "7"]
[Board "6"]
[White "Navratil, Robert"]
[Black "Hofer, Emilian"]
[Result "1/2-1/2"]
[WhiteElo "2131"]
[BlackElo "1912"]
[PlyCount "0"]
[EventDate "2012.10.05"]
[EventType "team"]
[EventRounds "11"]
[EventCountry "AUT"]
[WhiteTeam "ASK 1"]
[BlackTeam "Hohenems II"]

1. e4 e5 2. Nf3 Nc6 3. Bb5 a6 4. Ba4 Nf6 5. d3 b5 6. Bb3 d6 7. a4 Bb7 8. axb5
axb5 9. Rxa8 Bxa8 10. Nc3 b4 11. Nd5 Nxd5 12. Bxd5 Na5 13. Bxa8 Qxa8 14. Bd2
Nc6 15. O-O Be7 16. Qa1 O-O 17. b3 Rb8 18. Qb2 Rb6 19. Ra1 Ra6 20. Rxa6 Qxa6
21. Be3 Bf6 22. Nd2 h6 23. h3 Kh7 24. g3 Qa5 25. Qb1 Qa8 26. Qd1 Qa2 27. Qb1
Qa8 28. Qd1 Qa2 29. Qb1 Qa8 30. Qd1 1/2-1/2

[Event "2. Bundesliga West 2012/13"]
[Site "Bregenz"]
[Date "2013.01.13"]
[Round "8"]
[Board "2"]
[White "Hengl, Christian"]
[Black "Novkovic, Milan"]
[Result "0-1"]
[WhiteElo "2231"]
[BlackElo "2400"]
[PlyCount "42"]
[EventDate "2012.10.05"]
[EventType "team"]
[EventRounds "11"]
[EventCountry "AUT"]
[WhiteTeam "Rochade Rum"]
[BlackTeam "Hohenems II"]

1. e4 c5 2. Nc3 a6 3. f4 b5 4. Nf3 Bb7 5. d3 e6 6. g3 Nf6 7. Bg2 d5 8. O-O Be7
9. f5 exf5 10. exf5 Nbd7 11. Bf4 O-O 12. Ne5 b4 13. Nb1 Nxe5 14. Bxe5 Bd6 15.
d4 Re8 16. Bxd6 Qxd6 17. Nd2 Ne4 18. Nb3 c4 19. Bxe4 dxe4 20. Nc5 Bc6 21. f6 g6
0-1